In memoriam Enzo Bettiza (1927-2017) (notice n° 1585659)
[ vue normale ]
| 000 -LEADER | |
|---|---|
| fixed length control field | 00457cam a2200145 4500500 |
| 005 - DATE AND TIME OF LATEST TRANSACTION | |
| control field | 20251228053844.0 |
| 041 ## - LANGUAGE CODE | |
| Language code of text/sound track or separate title | fre |
| 042 ## - AUTHENTICATION CODE | |
| Authentication code | dc |
| 100 10 - MAIN ENTRY--PERSONAL NAME | |
| Personal name | Craveri, Benedetta |
| Relator term | author |
| 245 00 - TITLE STATEMENT | |
| Title | In memoriam Enzo Bettiza (1927-2017) |
| 260 ## - PUBLICATION, DISTRIBUTION, ETC. | |
| Date of publication, distribution, etc. | 2017.<br/> |
| 500 ## - GENERAL NOTE | |
| General note | 77 |
| 786 0# - DATA SOURCE ENTRY | |
| Note | Commentaire | uméro 160 | 4 | 2017-11-29 | p. 881-882 | 0180-8214 |
| 856 41 - ELECTRONIC LOCATION AND ACCESS | |
| Uniform Resource Identifier | <a href="https://shs.cairn.info/revue-commentaire-2017-4-page-881?lang=fr&redirect-ssocas=7080">https://shs.cairn.info/revue-commentaire-2017-4-page-881?lang=fr&redirect-ssocas=7080</a> |
Pas d'exemplaire disponible.




Réseaux sociaux